[Event "Wch U08 Girls"]
[White "Yu, Allyson"]
[Black "Zhou, Abigail"]
[Site "Montesilvano"]
[Round "9"]
[Result "0-1"]
[Date "2024.11.24"]
[WhiteElo "1653"]
[BlackElo "1685"]
[PlyCount "108"]
[EventDate "2024.11.15"]
[EventType "swiss"]
[EventRounds "11"]
[EventCountry "ITA"]
[SourceTitle "CB48_2024"]
[SourceDate "2024.11.28"]
[SourceVersion "1"]
[SourceVersionDate "2024.11.28"]
[SourceQuality "1"]

1. e4 e6 2. d4 d5 3. e5 c5 4. c3 Nc6 5. Nf3 Qb6 6. a3 c4 7. Nbd2 Na5 8. h4 Bd7 9. g3 0-0-0 10. h5 h6 11. Bh3 Ne7 12. 0-0 g6 13. Ne1 Bg7 14. Ng2 f6 15. exf6 Bxf6 16. Re1 Nf5 17. Nf4 g5 18. Ng6 Rhe8 19. Bg4 Qd6 20. Kg2 Kb8 21. Nf3 Nb3 22. Rb1 Ba4 23. Qe2 Qb6 24. Nfe5 Bxe5 25. Nxe5 Nd6 26. Be3 Qc7 27. f4 Ne4 28. Rf1 Re7 29. Rf3 Be8 30. Re1 Nf6 31. Rff1 Ne4 32. f5 exf5 33. Bxf5 Nbc5 34. Bxe4 Nxe4 35. Rf8 Qd6 36. Ref1 a6 37. Qg4 Re6 38. Nf7 Bxf7 39. Rxd8+ Qxd8 40. Rxf7 Qd6 41. Rf8+ Ka7 42. Rd8 Qe7 43. Bg1 Nf6 44. Qf5 Re2+ 45. Kf3 g4+ 46. Qxg4 Nxg4 47. Kxg4 Qe4+ 48. Kh3 Qh1+ 49. Kg4 Re4+ 50. Kf5 Qf3+ 51. Kg6 Re6+ 52. Kg7 Qf6+ 53. Kh7 Re7+ 54. Kg8 Qg7# 0-1